| 000 -ლიდერი |
| ფიქსირებული სიგრძის საკონტროლო ველი |
02085nam a22002297a 4500 |
| 003 - საკონტროლო ნომრის იდენტიფიკატორი |
| საკონტროლო ველი |
Ge_BSU |
| 005 - ბოლო ოპერაციის თარიღი და დრო |
| საკონტროლო ველი |
20221102102645.0 |
| 008 - ფიქსირებული სიგრძის მონაცემთა ელემენტები - ზოგადი ინფორმაცია |
| ფიქსირებული სიგრძის საკონტროლო ველი |
221102s2001 ge ||||| |||| 00| 0 geo d |
| 041 ## - ენის კოდი |
| Language code of text/sound track or separate title |
geo |
| 080 ## - უნივერსალური ათობითი კლასიფიკაციის ინდექსი |
| Universal Decimal Classification number |
339.13(479.22) + 316.42(479.22) + 338.24.021.8(479.22) ჭ-42 |
| 100 ## - მთავარი ჩანაწერი - პიროვნების სახელი |
| Personal name |
ჭითანავა, ნოდარ |
| 9 (RLIN) |
802 |
| 245 ## - ცნობა სათაურის შესახებ |
| Title |
გარდამავალი პერიოდის სოციალურ-ეკონომიკური პრობლემები : |
| Remainder of title |
ნაწილი 3. (ეკონომიკური გლობალიზაცია და ეროვნულ-ეკონომიკური უსაფრთხოება) / |
| Statement of responsibility, etc |
ნოდარ ჭითანავა ; რედაქტორი იაკობ მესხია ; საქართველოს ეკონომიკის, მრეწველობისა და ვაჭრობის სამინისტროსთან არსებული ეკონომიკური და სოციალური პრობლემების ს/კ ინსტიტუტი. |
| 264 ## - წარმოების, გამოცემის, დისტრიბუციის და სხვა ცნობები |
| გამოცემის, წარმოების, დისტრიბუციის... ადგილი |
თბილისი, |
| გამოცემის, წარმოების, დისტრიბუციის... თარიღი |
2001. |
| 300 ## - ფიზიკური აღწერა |
| Extent |
423 გვ. : |
| Other physical details |
ცხრ.; |
| Dimensions |
20 სმ. |
| 504 ## - BIBLIOGRAPHY, ETC. NOTE |
| Bibliography, etc |
ბიბლიოგრ. ტექსტის შენიშვნებში. |
| 520 ## - SUMMARY, ETC. |
| Summary, etc |
რეზიუმე რუს. ენაზე |
| 653 ## - INDEX TERM--UNCONTROLLED |
| Uncontrolled term |
საქართველოს საბაზრო ეკონომიკა |
| 653 ## - INDEX TERM--UNCONTROLLED |
| Uncontrolled term |
საქართველოს სოციალურ-ეკონომიკური განვითარება |
| 700 ## - ADDED ENTRY--PERSONAL NAME |
| Personal name |
მესხია, იაკობ |
| Relator term |
რედაქტორი. |
| 9 (RLIN) |
15714 |
| 710 ## - ADDED ENTRY--CORPORATE NAME |
| Corporate name or jurisdiction name as entry element |
საქართველოს ეკონომიკის, მრეწველობისა და ვაჭრობის სამინისტრო. ეკონომიკური და სოციალური პრობლემების ს/კ ინსტიტუტი. |
| 9 (RLIN) |
15715 |
| 942 ## - ADDED ENTRY ELEMENTS (KOHA) |
| Source of classification or shelving scheme |
|
| Koha item type |
წიგნი |